000 00765nam a22002297a 4500
999 _c355
_d355
003 AR-CdUCM
008 190223b ||||| |||| 00| 0 spa d
020 _a8470760270
040 _aMUNICIPALIDAD PROVINCIAL DEL CUSCO
_cBIBLIOTECA MUNICIPAL DEL CUSCO
082 _a858.8 /
_bSA164
100 _aSalgari, Emilio
_9800
245 _aEl Desquite de Yáñez /
260 _aMadrid :
_bGahe,
_c1975.
300 _a147 paginas ;
_b8 Ilustraciones.
_c20 cm.
505 _aEl "Gurú" -- La furia del rajá -- Entre agua y tinieblas -- El caballo y el bandido -- El asalto de los cocodrilos...
650 _aVenganza
_91445
650 _aCarabinas
_91446
650 _aEnfrentamiento
_91447
650 _aHombres
_9982
942 _2ddc
_cLIBROS
945 _awnts
_d2019-02-23